| 000 | 01326nam a2200145 4500 | ||
|---|---|---|---|
| 001 | 14061 | ||
| 005 | 20260331105930.0 | ||
| 010 | _a9791093081212 | ||
| 090 | _a14061 | ||
| 099 | _o0 | ||
| 100 | _a20260331d u||y0frey50 ba | ||
| 200 |
_aLes ombres qui font nos rêves _bLIVR |
||
| 214 | _cLes bras nus | ||
| 330 | _aC'est l'histoire d'un rêve : un rêve d'un enfant du Périgord français, Antoine, qui se veut roi d'un territoire de l'autre côté du monde, l'Araucanie, au Chili. A la manière d'un Don Quichotte du XIXe siècle, Antoine rêve si fort que son royaume apparaît : il est peuplé de ces Indiens Araucans qui se nomment en fait Mapuche. En chemin, l'aventurier civilisateur a abandonné sa soeur, Orélie, à sa condition de femme de campagne, et il doit sans cesse affronter ses propres démons : les voix mauvaises qui le persécutent et le ramènent à son origine de petit paysan de province. A travers la rencontre du rêve paradoxal d'un Européen et du combat d'un peuple autochtone apparaissent les tensions coloniales de l'époque puis, plus contemporaines, celles de la "nation" chilienne. Dans cette histoire aux accents carnavalesques où les croyances et les mythologies se mélangent, on se demande dans le rêve de qui on se trouve et quel est le prix à payer pour qu'il se réalise | ||
| 700 |
_aNavajo _bMétie |
||